Physical geology (Record no. 554214)
[ view plain ]
| 000 -LEADER | |
|---|---|
| fixed length control field | 00459cam a2200157 a 4500 |
| 020 ## - INTERNATIONAL STANDARD BOOK NUMBER | |
| International Standard Book Number | 0675200210 |
| 082 00 - DEWEY DECIMAL CLASSIFICATION NUMBER | |
| Classification number | 551 |
| Author Mark | FOS |
| 100 1# - MAIN ENTRY--PERSONAL NAME | |
| Personal name | Foster, Robert J. |
| 9 (RLIN) | 40254 |
| 245 10 - TITLE STATEMENT | |
| Title | Physical geology |
| Statement of responsibility, etc. | Robert J. Foster. |
| 250 ## - EDITION STATEMENT | |
| Edition statement | 4th ed. |
| 260 ## - PUBLICATION, DISTRIBUTION, ETC. | |
| Place of publication, distribution, etc. | Columbus : |
| Name of publisher, distributor, etc. | C.E. Merrill Pub. Co., |
| Date of publication, distribution, etc. | c1983. |
| 300 ## - PHYSICAL DESCRIPTION | |
| Extent | xiii, 432 p. : |
| Other physical details | ill. (some col.) ; |
| Dimensions | 29 cm. |
| 526 ## - STUDY PROGRAM INFORMATION NOTE | |
| Program name | 0 |
| Interest level | 0 |
| Reading level | 0 |
| Title point value | 551_000000000000000_FOS |
| 650 #0 - SUBJECT ADDED ENTRY--TOPICAL TERM | |
| Topical term or geographic name entry element | Physical geology. |
| 9 (RLIN) | 38587 |
| 942 ## - ADDED ENTRY ELEMENTS (KOHA) | |
| Source of classification or shelving scheme | |
| Koha item type | Book |
| Withdrawn status | Lost status | Source of classification or shelving scheme | Damaged status | Not for loan | Permanent Location | Current Location | Date acquired | Total Checkouts | Full call number | Barcode | Date last seen | Price effective from | Koha item type |
|---|---|---|---|---|---|---|---|---|---|---|---|---|---|
| Military College of Engineering (MCE) | Military College of Engineering (MCE) | 04/15/2019 | 551 FOS | MCE-51040 | 04/15/2019 | 04/15/2019 | Book |
